Catálogo

METRO : (Registro nro. 49767)

Detalles MARC
000 -LEADER
fixed length control field 00979nam a2200193 a 4500
001 - CONTROL NUMBER
control field 49767
005 - DATE AND TIME OF LATEST TRANSACTION
control field 20180714034604.0
008 - FIXED-LENGTH DATA ELEMENTS--GENERAL INFORMATION
fixed length control field 140415s2004 cc 000 0 eng d
020 ## - INTERNATIONAL STANDARD BOOK NUMBER
International Standard Book Number 1840008385
041 ## - LANGUAGE CODE
Language code of text/sound track or separate title eng
082 ## - DEWEY DECIMAL CLASSIFICATION NUMBER
Classification number 388.42
Item number BEN
100 1# - MAIN ENTRY--PERSONAL NAME
Personal name BENNET, DAVID
245 10 - TITLE STATEMENT
Title METRO :
Remainder of title THE STORY OF THE UNDERGROUND RAILWAY
250 ## - EDITION STATEMENT
Edition statement 1a ed.
260 ## - PUBLICATION, DISTRIBUTION, ETC.
Place of publication, distribution, etc. CHINA :
Name of publisher, distributor, etc. OCTOPUS PUBLISHING GROUP LTD,
Date of publication, distribution, etc. 2004
300 ## - PHYSICAL DESCRIPTION
Extent 1008
Dimensions 22.3 x 1.9 x 28.2
520 ## - SUMMARY, ETC.
Summary, etc. IN METRO, WRITER AND ENGINEER DAVID BENNETT GIVES A COMPRENHESIVE INSIGHT INTO THE RISE OF UNDERGROUND TRAVEL OVER THE PAST 150 YEARS. HE TRACES THE TECHNOLOGICAL PROGRESS TECHNIQUES THAT MADE UNDERGROUND TRAVEL POSSIBLE TO THE INNOVATIONS THAT HAVE MADE IT SAFER AND MORE PLEASANT, SUCH AS THE MOVE FROM COAL-BURNING LOCOMOTIVES TO THE ELECTRIFICATION OF THE LINE AND THE EVOLUTION OF THE FIRST WOODEN CARRIEGES INTO THE AIR-CONDITIONED ALUMINIUM ONE OF TODAY.
650 14 - SUBJECT ADDED ENTRY--TOPICAL TERM
Topical term or geographic name entry element TRANSPORTE URBANO
Existencias
Withdrawn status Lost status Source of classification or shelving scheme Damaged status Not for loan Collection code Home library Current library Shelving location Date acquired Source of acquisition Inventory number Total Checkouts Full call number Barcode Date last seen Date last checked out Price effective from Koha item type
    Dewey Decimal Classification     General Biblioteca Karol Wojtyla Biblioteca Karol Wojtyla Sala general 03/12/2013 Compra 151000000000000000042487   388.42 BEN 74374 05/01/2026 02/02/2016 03/12/2013 Libro